[Event "Tradewise Gibraltar Masters 16th"]
[Site "Gibraltar"]
[Date "2018.01.30"]
[Round "8.128"]
[White "Mayank, Pal"]
[Black "Bolt, Graham"]
[Result "1/2-1/2"]
[WhiteElo "1834"]
[BlackElo "2094"]
[PlyCount "63"]
[EventDate "2018.01.23"]
[EventType "swiss"]
[EventRounds "10"]
[EventCountry "GGB"]
[SourceTitle "BritBase"]
[Source "www.saund.co.uk"]
[SourceDate "2018.02.10"]
[SourceVersion "1"]
[SourceVersionDate "2018.02.10"]
[SourceQuality "1"]

1. Nf3 g6 2. g3 Bg7 3. d4 d6 4. Bg2 Nf6 5. c4 O-O 6. Nc3 Na6 7. O-O c5 8. d5
Nc7 9. e4 Rb8 10. a4 b6 11. h3 a6 12. Re1 Nd7 13. Bf1 Ne5 14. Nxe5 dxe5 15. Bg5
Ne8 16. Qd2 Nd6 17. a5 b5 18. cxb5 axb5 19. a6 Bd7 20. a7 Ra8 21. Ra6 f6 22.
Be3 b4 23. Bxc5 bxc3 24. Qxc3 f5 25. Qa3 Nxe4 26. Bxe7 Qc8 27. Bxf8 Bxf8 28. d6
Be6 29. Bg2 Qb7 30. Ra5 Bd5 31. Qd3 Bc6 32. Rxe5 1/2-1/2

[Event "Tradewise Gibraltar Masters 16th"]
[Site "Gibraltar"]
[Date "2018.01.30"]
[Round "8.129"]
[White "Odeh, Kenneth"]
[Black "Compton, Alistair"]
[Result "0-1"]
[WhiteElo "1922"]
[BlackElo "2082"]
[PlyCount "46"]
[EventDate "2018.01.23"]
[EventType "swiss"]
[EventRounds "10"]
[EventCountry "GGB"]
[SourceTitle "BritBase"]
[Source "www.saund.co.uk"]
[SourceDate "2018.02.10"]
[SourceVersion "1"]
[SourceVersionDate "2018.02.10"]
[SourceQuality "1"]

1. e4 e6 2. d4 d5 3. exd5 exd5 4. Bd3 c5 5. c3 Nf6 6. Bg5 h6 7. Qe2+ Be6 8. Bh4
cxd4 9. cxd4 Nc6 10. Nf3 Bb4+ 11. Nc3 O-O 12. O-O g5 13. Nxg5 hxg5 14. Bxg5 Kg7
15. Rad1 Rg8 16. f4 Nxd4 17. Qd2 Nf5 18. g3 Bc5+ 19. Rf2 Bxf2+ 20. Kxf2 Qb6+
21. Ke2 Ng4 22. Ke1 Qg1+ 23. Bf1 Qe3+ 0-1

[Event "Tradewise Gibraltar Masters 16th"]
[Site "Gibraltar"]
[Date "2018.01.30"]
[Round "8.130"]
[White "Biegel, Thomas"]
[Black "Mozelius, Peter"]
[Result "1-0"]
[WhiteElo "1984"]
[BlackElo "1871"]
[PlyCount "119"]
[EventDate "2018.01.23"]
[EventType "swiss"]
[EventRounds "10"]
[EventCountry "GGB"]
[SourceTitle "BritBase"]
[Source "www.saund.co.uk"]
[SourceDate "2018.02.10"]
[SourceVersion "1"]
[SourceVersionDate "2018.02.10"]
[SourceQuality "1"]

1. d4 g6 2. Nf3 Bg7 3. g3 d6 4. Bg2 Nf6 5. O-O O-O 6. c4 Nc6 7. Nc3 Re8 8. d5
Nb8 9. Nd4 e5 10. dxe6 fxe6 11. Bg5 h6 12. Bc1 e5 13. Nc2 Nc6 14. Ne3 Ne7 15.
b3 Rb8 16. Ba3 Be6 17. Nb5 Nc8 18. Qc2 a6 19. Nc3 Bf7 20. Rad1 Qd7 21. c5 b5
22. Bb2 Ne7 23. Rd2 d5 24. Ned1 c6 25. e4 Qc7 26. Re1 d4 27. Ne2 g5 28. Nc1 Bg6
29. Nd3 Nd7 30. f3 b4 31. Bh3 Bf7 32. Rg2 Ng6 33. Bc1 Kh8 34. Bf5 Ndf8 35. Rf1
Ne7 36. N1f2 Be6 37. Bg4 Neg6 38. Bh5 Bf7 39. Ng4 a5 40. Bd2 Qe7 41. Qc1 Nh7
42. h4 Rb7 43. Rh2 Kg8 44. Rff2 gxh4 45. Rfg2 Ng5 46. Bxg5 hxg5 47. gxh4 Nf4
48. Nxf4 exf4 49. hxg5 Bxh5 50. Rxh5 Qf7 51. Nh6+ Bxh6 52. gxh6+ Kh8 53. Rf5
Qc7 54. Qxf4 Qe7 55. Rg7 Qxg7+ 56. hxg7+ Rxg7+ 57. Kf2 Kg8 58. Rg5 d3 59. Ke3
Rd8 60. Rxg7+ 1-0

[Event "Tradewise Gibraltar Masters 16th"]
[Site "Gibraltar"]
[Date "2018.01.30"]
[Round "8.131"]
[White "Gravett, Alan D"]
[Black "Dev, Shah"]
[Result "1-0"]
[WhiteElo "1825"]
[BlackElo "1977"]
[PlyCount "59"]
[EventDate "2018.01.23"]
[EventType "swiss"]
[EventRounds "10"]
[EventCountry "GGB"]
[SourceTitle "BritBase"]
[Source "www.saund.co.uk"]
[SourceDate "2018.02.10"]
[SourceVersion "1"]
[SourceVersionDate "2018.02.10"]
[SourceQuality "1"]

1. g3 d5 2. Nf3 Nf6 3. Bg2 c6 4. O-O Bf5 5. d3 e6 6. Nbd2 Be7 7. Nh4 Bg6 8.
Nxg6 hxg6 9. e4 O-O 10. e5 Nfd7 11. d4 c5 12. c4 Nc6 13. cxd5 exd5 14. Bxd5
Nxd4 15. Re1 Qc7 16. Nc4 Nb6 17. Nxb6 axb6 18. e6 f5 19. Bf4 Qc8 20. Be5 Rd8
21. Bg2 b5 22. Rc1 Nxe6 23. Qb3 Ra5 24. Bxb7 Qxb7 25. Qxe6+ Kh7 26. Qf7 Rg8 27.
Rxc5 Bxc5 28. Qxb7 Rxa2 29. Qd5 Bb4 30. Rc1 1-0

[Event "Tradewise Gibraltar Masters 16th"]
[Site "Gibraltar"]
[Date "2018.01.30"]
[Round "8.132"]
[White "Gillis Onieva, Celia"]
[Black "Helin, Mikael"]
[Result "1-0"]
[WhiteElo "1848"]
[BlackElo "1962"]
[PlyCount "83"]
[EventDate "2018.01.23"]
[EventType "swiss"]
[EventRounds "10"]
[EventCountry "GGB"]
[SourceTitle "BritBase"]
[Source "www.saund.co.uk"]
[SourceDate "2018.02.10"]
[SourceVersion "1"]
[SourceVersionDate "2018.02.10"]
[SourceQuality "1"]

1. d4 d5 2. c4 Nc6 3. cxd5 Qxd5 4. e3 e5 5. Nc3 Bb4 6. a3 Bxc3+ 7. bxc3 Nf6 8.
c4 Qe4 9. d5 Nd4 10. f3 Nc2+ 11. Kd2 Qxe3+ 12. Kxc2 Bf5+ 13. Bd3 Qd4 14. Bxf5
Qxa1 15. Bb2 Qa2 16. Qd3 b5 17. cxb5 Rd8 18. Ne2 Qxd5 19. Qxd5 Nxd5 20. Bc1 a6
21. bxa6 g6 22. Bd3 c6 23. Bd2 O-O 24. Rb1 Rd7 25. Nc3 Nf4 26. Bxf4 exf4 27.
Rb7 Rfd8 28. Be4 Kg7 29. Rxd7 Rxd7 30. Bxc6 Ra7 31. Bb7 f5 32. Nb5 Rxa6 33.
Bxa6 g5 34. Bc8 g4 35. Bxf5 h5 36. fxg4 h4 37. a4 Kf6 38. Bd3 Ke5 39. a5 f3 40.
gxf3 Kf4 41. a6 Kxf3 42. a7 1-0

[Event "Tradewise Gibraltar Masters 16th"]
[Site "Gibraltar"]
[Date "2018.01.30"]
[Round "8.133"]
[White "Francois-Haugrin, Said"]
[Black "Edvardsen, Ragnar"]
[Result "1/2-1/2"]
[WhiteElo "1714"]
[BlackElo "1968"]
[PlyCount "81"]
[EventDate "2018.01.23"]
[EventType "swiss"]
[EventRounds "10"]
[EventCountry "GGB"]
[SourceTitle "BritBase"]
[Source "www.saund.co.uk"]
[SourceDate "2018.02.10"]
[SourceVersion "1"]
[SourceVersionDate "2018.02.10"]
[SourceQuality "1"]

1. e4 c6 2. d4 d5 3. exd5 cxd5 4. c4 Nf6 5. Bd3 g6 6. Ne2 Bg7 7. O-O O-O 8.
Nbc3 Nc6 9. Bf4 a6 10. Qd2 Be6 11. b3 Rc8 12. c5 Nb4 13. Bb1 Nd7 14. a3 Nc6 15.
Bh6 Re8 16. Bxg7 Kxg7 17. f4 f5 18. Qe3 Bf7 19. g4 fxg4 20. f5 Nf6 21. fxg6
hxg6 22. Qg5 e5 23. Ng3 Nxd4 24. Nh5+ Nxh5 25. Rxf7+ Kxf7 26. Bxg6+ Kf8 27.
Qh6+ Ke7 28. Qh7+ Kf6 29. Rf1+ Nf3+ 30. Rxf3+ gxf3 31. Qf7+ Kg5 32. Qf5+ Kh6
33. Qxh5+ Kg7 34. Qh7+ Kf6 35. Qf7+ Kg5 36. Qf5+ Kh6 37. Qh5+ Kg7 38. Qh7+ Kf6
39. Qf7+ Kg5 40. Qf5+ Kh6 41. Qh5+ 1/2-1/2

[Event "Tradewise Gibraltar Masters 16th"]
[Site "Gibraltar"]
[Date "2018.01.30"]
[Round "8.134"]
[White "Yilmaz, Kazim"]
[Black "Klementys, Jerzy"]
[Result "1/2-1/2"]
[WhiteElo "1656"]
[BlackElo "1739"]
[PlyCount "74"]
[EventDate "2018.01.23"]
[EventType "swiss"]
[EventRounds "10"]
[EventCountry "GGB"]
[SourceTitle "BritBase"]
[Source "www.saund.co.uk"]
[SourceDate "2018.02.10"]
[SourceVersion "1"]
[SourceVersionDate "2018.02.10"]
[SourceQuality "1"]

1. e4 c5 2. Nf3 d6 3. Bb5+ Nd7 4. d4 cxd4 5. Nxd4 a6 6. Bd3 Ngf6 7. Nc3 g6 8.
O-O Bg7 9. Be3 O-O 10. f3 Qc7 11. Qd2 Rd8 12. Nd5 Nxd5 13. exd5 Nf6 14. c4 e5
15. dxe6 fxe6 16. Rac1 e5 17. Ne2 Be6 18. Ng3 Rac8 19. Ne4 Nxe4 20. Bxe4 Qf7
21. Bd5 Bxd5 22. Qxd5 Qxd5 23. cxd5 b5 24. b3 h5 25. Rxc8 Rxc8 26. Rc1 Rxc1+
27. Bxc1 Bf6 28. Kf2 Bd8 29. Ke2 Kf7 30. Kd3 g5 31. h3 Kg6 32. Ke4 Bb6 33. Bd2
a5 34. g4 hxg4 35. hxg4 Kf6 36. a4 b4 37. Bc1 Ba7 1/2-1/2

[Event "Tradewise Gibraltar Masters 16th"]
[Site "Gibraltar"]
[Date "2018.01.31"]
[Round "9.1"]
[White "Dubov, Daniil"]
[Black "Vachier-Lagrave, Maxime"]
[Result "1/2-1/2"]
[WhiteElo "2694"]
[BlackElo "2793"]
[PlyCount "60"]
[EventDate "2018.01.23"]
[EventType "swiss"]
[EventRounds "10"]
[EventCountry "GGB"]
[SourceTitle "BritBase"]
[Source "www.saund.co.uk"]
[SourceDate "2018.02.10"]
[SourceVersion "1"]
[SourceVersionDate "2018.02.10"]
[SourceQuality "1"]

1. Nf3 c5 2. c4 Nc6 3. d4 cxd4 4. Nxd4 Nf6 5. Nc3 e6 6. g3 Qb6 7. e3 d5 8. cxd5
Nxd5 9. Bg2 Nxc3 10. bxc3 Be7 11. Nxc6 bxc6 12. Qa4 O-O 13. O-O Rb8 14. Ba3 c5
15. Rfd1 Qc7 16. c4 Rb6 17. Rd3 Ra6 18. Qd1 Rd6 19. Rxd6 Bxd6 20. Qa4 Bd7 21.
Qc2 Rb8 22. Rd1 Be8 23. Be4 h6 24. Bb2 Be5 25. Bc3 Bxc3 26. Qxc3 Ba4 27. Rd2
Bc6 28. Qd3 Bxe4 29. Qxe4 g6 30. h4 h5 1/2-1/2

[Event "Tradewise Gibraltar Masters 16th"]
[Site "Gibraltar"]
[Date "2018.01.31"]
[Round "9.3"]
[White "Aronian, Levon"]
[Black "Sethuraman, SP."]
[Result "1-0"]
[WhiteElo "2797"]
[BlackElo "2646"]
[PlyCount "65"]
[EventDate "2018.01.23"]
[EventType "swiss"]
[EventRounds "10"]
[EventCountry "GGB"]
[SourceTitle "BritBase"]
[Source "www.saund.co.uk"]
[SourceDate "2018.02.10"]
[SourceVersion "1"]
[SourceVersionDate "2018.02.10"]
[SourceQuality "1"]

1. c4 e6 2. g3 d5 3. Bg2 Nf6 4. Nf3 dxc4 5. Qa4+ Bd7 6. Qxc4 c5 7. Ne5 Qc8 8.
Qd3 Nc6 9. Nxd7 Nxd7 10. Nc3 Be7 11. Qb5 a6 12. Qa4 Nd4 13. O-O O-O 14. d3 Nb6
15. Qd1 Rd8 16. Bd2 Qd7 17. Rc1 Rac8 18. b3 h6 19. Kh1 Nd5 20. Nxd5 exd5 21. e3
Nc6 22. Qh5 Qd6 23. f4 a5 24. a4 Rb8 25. e4 dxe4 26. Bxe4 b6 27. g4 Nd4 28. Bc3
f5 29. gxf5 Bf6 30. Rg1 Re8 31. Qxh6 Rbd8 32. Rce1 Re7 33. Re3 1-0

[Event "Tradewise Gibraltar Masters 16th"]
[Site "Gibraltar"]
[Date "2018.01.31"]
[Round "9.4"]
[White "Howell, David W L"]
[Black "Vitiugov, Nikita"]
[Result "1/2-1/2"]
[WhiteElo "2682"]
[BlackElo "2732"]
[PlyCount "149"]
[EventDate "2018.01.23"]
[EventType "swiss"]
[EventRounds "10"]
[EventCountry "GGB"]
[SourceTitle "BritBase"]
[Source "www.saund.co.uk"]
[SourceDate "2018.02.10"]
[SourceVersion "1"]
[SourceVersionDate "2018.02.10"]
[SourceQuality "1"]

1. Nf3 d5 2. g3 c6 3. Bg2 Bg4 4. O-O Nd7 5. h3 Bh5 6. d3 Ngf6 7. Qe1 e5 8. e4
Bd6 9. exd5 Bxf3 10. Bxf3 Nxd5 11. Nc3 Nxc3 12. bxc3 O-O 13. a4 a5 14. Bg2 Qc7
15. Qe4 f5 16. Qc4+ Kh8 17. Ba3 Bxa3 18. Rxa3 f4 19. Raa1 Nb6 20. Qe4 Nd5 21.
c4 Nf6 22. Qe2 fxg3 23. fxg3 e4 24. Bxe4 Nxe4 25. Qxe4 Qxg3+ 26. Qg2 Qe3+ 27.
Kh1 Rae8 28. Rab1 h6 29. Rg1 Re7 30. Rbf1 Rff7 31. Qg4 Rf2 32. Rxf2 Qxf2 33.
Rg2 Qe1+ 34. Kh2 Qe5+ 35. Qg3 g5 36. Rf2 Kg7 37. Kg2 Qxg3+ 38. Kxg3 Re3+ 39.
Kg2 Kg6 40. Rf1 Kh5 41. Rf6 Re1 42. Rf7 Kh4 43. Rxb7 Re2+ 44. Kf3 Rxc2 45. Rh7
h5 46. Ke4 Rh2 47. c5 Rxh3 48. Rh6 Rh1 49. Rxc6 g4 50. d4 Re1+ 51. Kf5 Rd1 52.
Ke5 Re1+ 53. Kf5 g3 54. Rg6 Kh3 55. d5 Rc1 56. c6 g2 57. Ke6 h4 58. Kd7 Kh2 59.
d6 g1=Q 60. Rxg1 Kxg1 61. c7 h3 62. c8=Q Rxc8 63. Kxc8 h2 64. d7 h1=Q 65. d8=Q
Qc6+ 66. Qc7 Qxa4 67. Qc5+ Kf1 68. Kc7 Qb4 69. Kc6 Ke1 70. Qc1+ Ke2 71. Qc2+
Ke3 72. Qc1+ Kd3 73. Qd1+ Kc3 74. Qc1+ Kb3 75. Qb1+ 1/2-1/2

[Event "Tradewise Gibraltar Masters 16th"]
[Site "Gibraltar"]
[Date "2018.01.31"]
[Round "9.5"]
[White "Grandelius, Nils"]
[Black "Wang, Hao"]
[Result "1/2-1/2"]
[WhiteElo "2647"]
[BlackElo "2711"]
[PlyCount "164"]
[EventDate "2018.01.23"]
[EventType "swiss"]
[EventRounds "10"]
[EventCountry "GGB"]
[SourceTitle "BritBase"]
[Source "www.saund.co.uk"]
[SourceDate "2018.02.10"]
[SourceVersion "1"]
[SourceVersionDate "2018.02.10"]
[SourceQuality "1"]

1. e4 c5 2. Nf3 d6 3. Bb5+ Nd7 4. O-O Ngf6 5. d4 cxd4 6. Qxd4 a6 7. Bxd7+ Bxd7
8. Bg5 e6 9. Rd1 Bc6 10. Nc3 Be7 11. Bh4 O-O 12. e5 dxe5 13. Nxe5 Qxd4 14. Rxd4
Rfc8 15. Rc1 Be8 16. Ng4 Kf8 17. Nxf6 gxf6 18. Ne4 e5 19. Rd2 Rc6 20. Rcd1 Rac8
21. c3 Re6 22. Nd6 Bxd6 23. Rxd6 Ke7 24. Rxe6+ fxe6 25. f3 b5 26. Bf2 Bc6 27.
Bc5+ Kf7 28. Bb4 Bd5 29. b3 h5 30. h4 a5 31. Bxa5 Ra8 32. Bb4 Rxa2 33. c4 bxc4
34. bxc4 Bxc4 35. Rd7+ Kg6 36. Bf8 Bd5 37. Rg7+ Kf5 38. Bd6 Rd2 39. Bc7 Rd4 40.
Rg8 Rxh4 41. Bd8 Rf4 42. Kh2 h4 43. Rg4 Rd4 44. Be7 Rd2 45. Kh3 e4 46. fxe4+
Bxe4 47. Rxh4 Bxg2+ 48. Kg3 Kg6 49. Rh2 Rd7 50. Bxf6 Kxf6 51. Rh6+ Kg5 52. Rxe6
Rd2 53. Re5+ Kf6 54. Ra5 Bd5 55. Kf4 Rd4+ 56. Ke3 Ke5 57. Ra7 Rh4 58. Re7+ Be6
59. Re8 Rh3+ 60. Ke2 Ra3 61. Kd2 Kd5 62. Rd8+ Kc4 63. Re8 Bd5 64. Rc8+ Kd4 65.
Rd8 Rh3 66. Rd7 Rh2+ 67. Kd1 Ke4 68. Kc1 Rg2 69. Rd8 Kd4 70. Kd1 Kc4 71. Ke1
Be4 72. Rd2 Rg3 73. Rd8 Bd5 74. Kf2 Rd3 75. Rd7 Kc3 76. Rd8 Kd2 77. Rd7 Rf3+
78. Kg2 Rf5+ 79. Kg3 Ke3 80. Rg7 Be4 81. Kg4 Rf1 82. Kg5 Kd4 1/2-1/2

[Event "Tradewise Gibraltar Masters 16th"]
[Site "Gibraltar"]
[Date "2018.01.31"]
[Round "9.6"]
[White "Gelfand, Boris"]
[Black "Gupta, Abhijeet"]
[Result "1/2-1/2"]
[WhiteElo "2697"]
[BlackElo "2610"]
[PlyCount "76"]
[EventDate "2018.01.23"]
[EventType "swiss"]
[EventRounds "10"]
[EventCountry "GGB"]
[SourceTitle "BritBase"]
[Source "www.saund.co.uk"]
[SourceDate "2018.02.10"]
[SourceVersion "1"]
[SourceVersionDate "2018.02.10"]
[SourceQuality "1"]

1. d4 Nf6 2. Nf3 g6 3. Nbd2 d5 4. b4 Bg7 5. Bb2 O-O 6. e3 Bf5 7. c4 c6 8. Be2
a5 9. bxa5 Qxa5 10. O-O Nbd7 11. a4 Ne4 12. cxd5 Nxd2 13. Nxd2 cxd5 14. Nb3 Qc7
15. Rc1 Qd8 16. Bb5 Nf6 17. Nc5 Qb8 18. f3 Rd8 19. Qb3 h5 20. e4 Bc8 21. e5 Ne8
22. Bxe8 Rxe8 23. Qxd5 e6 24. Qb3 b6 25. Ne4 Bd7 26. Ra1 Rc8 27. g4 h4 28. Bc1
Bc6 29. Nd6 Rd8 30. Be3 Rxd6 31. exd6 Qxd6 32. Rab1 Bxd4 33. Bxd4 Qxd4+ 34. Rf2
Rxa4 35. Qxb6 Qd5 36. h3 Rd4 37. Rc1 Bb7 38. Rb1 Bc6 1/2-1/2

[Event "Tradewise Gibraltar Masters 16th"]
[Site "Gibraltar"]
[Date "2018.01.31"]
[Round "9.7"]
[White "Navara, David"]
[Black "Oparin, Grigoriy"]
[Result "1/2-1/2"]
[WhiteElo "2749"]
[BlackElo "2607"]
[PlyCount "107"]
[EventDate "2018.01.23"]
[EventType "swiss"]
[EventRounds "10"]
[EventCountry "GGB"]
[SourceTitle "BritBase"]
[Source "www.saund.co.uk"]
[SourceDate "2018.02.10"]
[SourceVersion "1"]
[SourceVersionDate "2018.02.10"]
[SourceQuality "1"]

1. e4 e5 2. Nf3 Nc6 3. Bb5 a6 4. Ba4 Nf6 5. O-O Be7 6. Re1 b5 7. Bb3 d6 8. c3
O-O 9. h3 Bb7 10. d4 Re8 11. Nbd2 Bf8 12. d5 Nb8 13. Nf1 Nbd7 14. N3h2 Nc5 15.
Bc2 c6 16. b4 Ncd7 17. dxc6 Bxc6 18. Bg5 h6 19. Bxf6 Nxf6 20. Ng4 Nh7 21. Qd3
Rc8 22. Bb3 Re7 23. c4 h5 24. Nge3 Nf6 25. Nd2 Rb7 26. a3 g6 27. Rad1 Bh6 28.
cxb5 axb5 29. Nd5 Bxd5 30. Bxd5 Nxd5 31. Qxd5 Qb6 32. a4 bxa4 33. Nc4 Qa7 34.
Nxd6 Rc2 35. Rf1 Rxb4 36. Qxe5 Qc7 37. Qe8+ Bf8 38. e5 Qe7 39. Qxe7 Bxe7 40.
Rc1 Rxc1 41. Rxc1 Rb8 42. Rc7 Ra8 43. Rxe7 a3 44. e6 fxe6 45. Rxe6 a2 46. Re1
a1=Q 47. Rxa1 Rxa1+ 48. Kh2 Ra2 49. Kg3 Kg7 50. Ne4 Kf7 51. h4 Ke6 52. Kf4 Ra4
53. g3 Rb4 54. Kf3 1/2-1/2

[Event "Tradewise Gibraltar Masters 16th"]
[Site "Gibraltar"]
[Date "2018.01.31"]
[Round "9.8"]
[White "Le, Quang Liem"]
[Black "Esipenko, Andrey"]
[Result "1-0"]
[WhiteElo "2737"]
[BlackElo "2571"]
[PlyCount "127"]
[EventDate "2018.01.23"]
[EventType "swiss"]
[EventRounds "10"]
[EventCountry "GGB"]
[SourceTitle "BritBase"]
[Source "www.saund.co.uk"]
[SourceDate "2018.02.10"]
[SourceVersion "1"]
[SourceVersionDate "2018.02.10"]
[SourceQuality "1"]

1. e4 c6 2. d4 d5 3. e5 Bf5 4. Nf3 e6 5. Be2 Ne7 6. c3 Nd7 7. O-O c5 8. dxc5
Nxc5 9. Nd4 Bg6 10. b4 Nd7 11. f4 Nc6 12. g4 Nxd4 13. cxd4 f5 14. exf6 Qxf6 15.
f5 exf5 16. Nc3 Bd6 17. Nxd5 Qh4 18. Bf4 Bxf4 19. Rxf4 O-O 20. gxf5 Qh6 21. Rf2
Bf7 22. Bf3 Qd6 23. Ne3 Qxb4 24. Rb1 Qa3 25. Qc1 Qa4 26. Rxb7 Rac8 27. Qb2 Nf6
28. Qb4 Qa6 29. Rb5 Nd7 30. Nd5 Kh8 31. Kg2 Bxd5 32. Rxd5 Nf6 33. Ra5 Qd3 34.
Qd2 Qb1 35. Qb2 Qd3 36. Qd2 Qb1 37. Qb2 Qd3 38. Ra3 Qc4 39. Rxa7 Nd5 40. Qd2
Rce8 41. Re2 Rxe2+ 42. Bxe2 Qc6 43. Kg1 Qb6 44. Ra3 Qb1+ 45. Bd1 Qxf5 46. Rf3
Qg4+ 47. Kh1 Rxf3 48. Qe2 Rf1+ 49. Qxf1 Qe4+ 50. Qf3 Qe1+ 51. Kg2 Qd2+ 52. Kg3
Qg5+ 53. Kf2 Qd2+ 54. Kg1 Qxd4+ 55. Kh1 Qc5 56. Qf5 Kg8 57. Bb3 Qc1+ 58. Kg2
Qd2+ 59. Kg3 Qe3+ 60. Qf3 Qg5+ 61. Kf2 Qd2+ 62. Kf1 Qc1+ 63. Ke2 Qb2+ 64. Kd3
1-0

[Event "Tradewise Gibraltar Masters 16th"]
[Site "Gibraltar"]
[Date "2018.01.31"]
[Round "9.9"]
[White "Duda, Jan-Krzysztof"]
[Black "Grigoriants, Sergey"]
[Result "1-0"]
[WhiteElo "2724"]
[BlackElo "2568"]
[PlyCount "111"]
[EventDate "2018.01.23"]
[EventType "swiss"]
[EventRounds "10"]
[EventCountry "GGB"]
[SourceTitle "BritBase"]
[Source "www.saund.co.uk"]
[SourceDate "2018.02.10"]
[SourceVersion "1"]
[SourceVersionDate "2018.02.10"]
[SourceQuality "1"]

1. c4 e5 2. g3 Nc6 3. Bg2 Bc5 4. Nc3 a6 5. Nf3 d6 6. O-O Nf6 7. d3 O-O 8. a3 h6
9. b4 Ba7 10. Bb2 Re8 11. Rc1 Bd7 12. e3 Rb8 13. Nd2 Ne7 14. Re1 Bf5 15. Nb3
Qd7 16. Qd2 Bh3 17. Bh1 Ng6 18. Qc2 Qf5 19. Nd5 Nxd5 20. cxd5 Re7 21. d4 Qh5
22. dxe5 Nxe5 23. Bxe5 Qxe5 24. Qd3 Rbe8 25. Bg2 Bc8 26. Rc3 Bf5 27. Qd2 h5 28.
h4 Qf6 29. Rc4 b5 30. Rf4 Qe5 31. Rc1 Bb6 32. Rc3 g6 33. Kh2 Qg7 34. Nd4 Bd7
35. Bh3 Bxh3 36. Kxh3 Re5 37. Nf3 Re4 38. Rxe4 Rxe4 39. Qc2 Re7 40. Kg2 Qf6 41.
a4 bxa4 42. Ra3 Kg7 43. Rxa4 Bxe3 44. fxe3 Rxe3 45. Qf2 Qe7 46. Ng5 Re5 47.
Rxa6 Rxd5 48. Qb2+ f6 49. Ra7 Kh6 50. Ra8 Qe1 51. Rh8+ Kg7 52. Rh7+ Kg8 53. Nf3
Qe4 54. Rxc7 Rd3 55. Qa2+ Kh8 56. Rc8+ 1-0

[Event "Tradewise Gibraltar Masters 16th"]
[Site "Gibraltar"]
[Date "2018.01.31"]
[Round "9.11"]
[White "Michalik, Peter"]
[Black "Cheparinov, Ivan"]
[Result "0-1"]
[WhiteElo "2553"]
[BlackElo "2699"]
[PlyCount "76"]
[EventDate "2018.01.23"]
[EventType "swiss"]
[EventRounds "10"]
[EventCountry "GGB"]
[SourceTitle "BritBase"]
[Source "www.saund.co.uk"]
[SourceDate "2018.02.10"]
[SourceVersion "1"]
[SourceVersionDate "2018.02.10"]
[SourceQuality "1"]

1. d4 f5 2. Qd3 Nc6 3. Nf3 e6 4. e4 Nb4 5. Qe2 fxe4 6. Qxe4 Nf6 7. Qe2 c5 8. g3
cxd4 9. Nxd4 Bc5 10. Nb3 Bb6 11. Bg2 O-O 12. O-O a5 13. c3 Nc6 14. Be3 a4 15.
Nd4 e5 16. Nxc6 bxc6 17. c4 d5 18. Nd2 Bg4 19. f3 Bh5 20. Bf2 Re8 21. cxd5 cxd5
22. Qb5 Rb8 23. Qxa4 e4 24. fxe4 Bxf2+ 25. Rxf2 Ng4 26. Qd4 Nxf2 27. Qxf2 d4
28. Nc4 Rf8 29. Qd2 d3 30. Qc3 Rc8 31. Bh3 Rc6 32. Bf1 Be2 33. b3 Kh8 34. Bxe2
dxe2 35. Re1 Qd1 36. Kg2 Rf1 37. Qe5 Rc8 38. Qe6 Rcf8 0-1

[Event "Tradewise Gibraltar Masters 16th"]
[Site "Gibraltar"]
[Date "2018.01.31"]
[Round "9.12"]
[White "Perez Ponsa, Federico"]
[Black "Sutovsky, Emil"]
[Result "1/2-1/2"]
[WhiteElo "2553"]
[BlackElo "2673"]
[PlyCount "88"]
[EventDate "2018.01.23"]
[EventType "swiss"]
[EventRounds "10"]
[EventCountry "GGB"]
[SourceTitle "BritBase"]
[Source "www.saund.co.uk"]
[SourceDate "2018.02.10"]
[SourceVersion "1"]
[SourceVersionDate "2018.02.10"]
[SourceQuality "1"]

1. e4 e5 2. Nf3 Nc6 3. Bb5 a6 4. Ba4 Nf6 5. d3 b5 6. Bb3 Bc5 7. Nc3 d6 8. Nd5
h6 9. c3 Rb8 10. a4 b4 11. O-O O-O 12. h3 bxc3 13. bxc3 Be6 14. d4 exd4 15.
cxd4 Ba7 16. Nxf6+ Qxf6 17. Bxe6 Nxd4 18. Be3 Nxf3+ 19. Qxf3 Qxf3 20. gxf3 Bxe3
21. Bc4 Bd4 22. Rad1 Bc5 23. Bxa6 Rb4 24. Bb5 f5 25. Rde1 fxe4 26. fxe4 Rf4 27.
e5 Rb2 28. e6 Rbxf2 29. Kh1 Rxf1+ 30. Bxf1 d5 31. Bg2 Be7 32. Ra1 c6 33. a5 Bf6
34. Rc1 Ra4 35. Bf3 Ra3 36. Kg2 Ra2+ 37. Kh1 Ra3 38. Kg2 Ra2+ 39. Kh1 Rxa5 40.
Rxc6 Ra1+ 41. Kg2 Ra2+ 42. Kf1 Ra1+ 43. Kg2 Ra2+ 44. Kf1 Ra1+ 1/2-1/2

[Event "Tradewise Gibraltar Masters 16th"]
[Site "Gibraltar"]
[Date "2018.01.31"]
[Round "9.13"]
[White "Kobo, Ori"]
[Black "Saric, Ivan"]
[Result "1-0"]
[WhiteElo "2477"]
[BlackElo "2664"]
[PlyCount "89"]
[EventDate "2018.01.23"]
[EventType "swiss"]
[EventRounds "10"]
[EventCountry "GGB"]
[SourceTitle "BritBase"]
[Source "www.saund.co.uk"]
[SourceDate "2018.02.10"]
[SourceVersion "1"]
[SourceVersionDate "2018.02.10"]
[SourceQuality "1"]

1. Nf3 d5 2. g3 Bg4 3. Bg2 c6 4. O-O e6 5. c4 Nf6 6. cxd5 Bxf3 7. Bxf3 cxd5 8.
d4 Nc6 9. Nc3 Be7 10. e3 O-O 11. b3 Qa5 12. Bb2 Ba3 13. Qc1 Bxb2 14. Qxb2 Rac8
15. Rac1 Ne7 16. Rfd1 Nf5 17. Be2 Nd6 18. Rc2 Rc6 19. Rdc1 Rfc8 20. Kg2 g6 21.
Bd3 Kg7 22. f3 Nf5 23. Kf2 h5 24. Bxf5 exf5 25. Ne2 Rxc2 26. Rxc2 Re8 27. h4
Re6 28. Rc5 Qa6 29. Nf4 Rd6 30. b4 Qa4 31. Ne2 Ra6 32. Nc3 Qd7 33. b5 Ra5 34.
Qb4 b6 35. Rc6 f4 36. exf4 Qh3 37. Qe7 Ng8 38. Qe5+ f6 39. Rc7+ Kh8 40. Qxd5
Qh2+ 41. Ke3 Ra3 42. Qf7 Rxc3+ 43. Rxc3 Qxg3 44. Rc1 Qxh4 45. Qxg6 1-0

[Event "Tradewise Gibraltar Masters 16th"]
[Site "Gibraltar"]
[Date "2018.01.31"]
[Round "9.14"]
[White "Akobian, Varuzhan"]
[Black "Deac, Bogdan-Daniel"]
[Result "1/2-1/2"]
[WhiteElo "2647"]
[BlackElo "2549"]
[PlyCount "73"]
[EventDate "2018.01.23"]
[EventType "swiss"]
[EventRounds "10"]
[EventCountry "GGB"]
[SourceTitle "BritBase"]
[Source "www.saund.co.uk"]
[SourceDate "2018.02.10"]
[SourceVersion "1"]
[SourceVersionDate "2018.02.10"]
[SourceQuality "1"]

1. d4 Nf6 2. c4 e6 3. Nf3 d5 4. Nc3 a6 5. cxd5 exd5 6. Bg5 Be6 7. e3 Nbd7 8.
Bd3 h6 9. Bf4 g5 10. Bg3 Nh5 11. Be5 Nhf6 12. Qb3 g4 13. Bxf6 Qxf6 14. Ne5 Nxe5
15. dxe5 Qxe5 16. Qxb7 Rd8 17. Qc6+ Ke7 18. O-O Kf6 19. Rad1 h5 20. Bc2 Kg7 21.
Ne2 Bd6 22. Nf4 Qxb2 23. Bb3 Rh6 24. Rd4 Bxf4 25. Rxf4 Qe5 26. Rc1 Rd7 27. Qxa6
d4 28. Qd3 dxe3 29. Qxe3 Qxe3 30. fxe3 Bxb3 31. axb3 Rhd6 32. Rfc4 Rd1+ 33.
Rxd1 Rxd1+ 34. Kf2 Rd2+ 35. Kf1 Rd3 36. Kf2 Rxb3 37. Rxc7 1/2-1/2